00988nam a2200217 a 4500003000400000005001700004008004100021040002400062041000800086082001800094110005600112245018100168260014300349300001100492518005400503653004000557653004100597942001200638999001500650952010500665OSt20131016153610.0131016s2004 ag ||||| |||| 10| 0 spa d cBiblioteca Medicina aspa bCONGRESOS 0272 aMinisterio de Educacion, Ciencia y Tecnologia9260900aActas del 7ยบ Seminario Interacional "Aprendizaje y Servicio Solidario": Aprendizaje y servicio solidario en la Educacion Superior y en los sistemas educativos Latinoamericanos aBuenos AiresbMinisterio de Educacion, Ciencia y Tecnologia;bUnidad de Programas Especiales;bPrograma Nacional Educacion Solidariac2004 a150 p. aBuenos Aires, Argentina. 6 y 7 de Octubre de 2004 aEDUCACION SOLIDARIA-SEMINARIOS-2004 aUNIVERSIDADES-PROYECTOS COMUNITARIOS 2ddccPH c1800d1800 00102ddc40708NFICaBFMbBFMcCRd2013-10-16l0oCONGRESOS 027r2014-11-06tEj. 1w2013-10-16yPH